000 00532nam a2200181Ia 4500
003 GCL
008 140319s9999 xx 000 0 ara d
040 _aGCL /
_cGCL
082 0 4 _a863.03
_bج ع
100 1 _aجرون، فرنريرجن
245 1 0 _aعود الورد الاسبانى /
_cجرون، فرنريرجن
700 1 _aكمال رضوان
300 _a62 ص
490 _aالرواية العالمية
_v0
650 0 4 _aالادب الاسبانى
650 0 4 _aالقصة الاسبانية
942 _2ddc
_cBK
999 _c47471
_d47471